| 000 | 01403nam2a22002411 4500 | ||
|---|---|---|---|
| 001 | rc\4623364 | ||
| 005 | 20250611211611.0 | ||
| 035 | _a(NLR Aleph) 008401011 | ||
| 090 |
_a9236146 _c9236146 |
||
| 100 | _a20130416d1969 |||y0rusy50 ca | ||
| 101 | 0 | _arus | |
| 102 | _aRU | ||
| 105 | _ab z ||||| | ||
| 200 | 1 |
_aТихий океан, северная часть _hВып. 1 _iДополнение № 1 |
|
| 210 |
_d1969 _aБ. м. |
||
| 215 |
_a221 с. _cкарт. |
||
| 333 | _aДля служебного пользования. Экз. № 12 | ||
| 461 | 0 |
_1001rc\4623358 _12001#$aСведения об экспедиционных океанографических работах в мировом океане$e[В 4 ч.]$eЧ. 1-$fГл. упр. гидрометеослужбы при СМ СССР. Гидрометеорол. центр СССР. Центр океаногр. данных$vЧ. 3. Т. 1 _99236112 _cМосква _d1966 _fГл. упр. гидрометеослужбы при СМ СССР. Гидрометеорол. центр СССР. Центр океаногр. данных _nБ. и. _o[В 4 ч.] : Ч. 1- _tСведения об экспедиционных океанографических работах в мировом океане _vЧ. 3. Т. 1 |
|
| 801 | 0 |
_aRU _bNLR _gpsbo |
|
| 801 | 1 |
_aRU _bELAR _2rusmarc |
|
| 852 |
_aNLR _j50к/23443доп. |
||
| 942 | _cBOOK | ||
| 980 | _aNB | ||